000 00551nam a2200193 a 4500
001 1769948270893
003 YourLibrary
005 20260201175204.0
008 260201s2007##################000#0#eng##
020 _a9780521835060
082 0 4 _a330.947
_bPRO
100 1 _aProcaccia, Uriel,
_eauthor.
245 1 0 _aRussian Culture, Property Rights, and the Market Economy :
260 _bCambridge University Press,
_c2007.
300 _a278 pages
650 0 _aBusiness & Economics.
942 _cENGLISH
040 _aYourLibrary
_beng
_cYourLibrary
999 _c609979
_d609979